| 000 | 00569nam a2200205Ia 4500 | ||
|---|---|---|---|
| 005 | 20250425162844.0 | ||
| 008 | 250425s9999 xx 000 0 und d | ||
| 020 | _a9789332550162 | ||
| 041 | _aeng | ||
| 082 |
_a629.8 _pOGA |
||
| 100 | _aOgata, Katsuhiko | ||
| 245 | 0 |
_aModern control engineering _cKatsuhiko Ogata |
|
| 250 | _aFifth edition, Fiftenth impression | ||
| 260 |
_aUttar Pradesh _bPearson _c2022 |
||
| 300 |
_a904 páginas _bgráficos _c26 cm. |
||
| 650 | _aControl Automático | ||
| 902 |
_aMonográfico _cImpreso |
||
| 942 | _c01 | ||
| 010 | _a114349 | ||
| 999 |
_c237809 _d237809 |
||